Tilastot visalle Olympialaisten järjestäjämaat

Klikkaa tästä pelataksesi tätä visaa!

Yleistilastot

  • Tätä visaa on pelattu 2 150 kertaa
  • Keskiarvotulos 20 / 24

Vastaustilastot

#Valtio% Oikein
1Suomi
98%
4Japani
97%
2Kiina
97%
9Yhdysvallat
97%
6Ranska
95%
1Venäjä
95%
3Kanada
94%
1Ruotsi
94%
3Saksa
94%
1Brasilia
93%
4Italia
92%
2Norja
92%
3Yhdistynyt kuningaskunta
89%
1Espanja
88%
2Etelä-Korea
87%
2Kreikka
86%
3Australia
84%
1Meksiko
83%
2Itävalta
74%
2Sveitsi
74%
1Alankomaat
61%
1Belgia
61%
1Neuvostoliitto
60%
1Jugoslavia
49%

Tulosjakauma

Persentiili vastausten määrän mukaan

Jokaisen tuloksen saaneiden osuus

Tuloshistoriasi

Et ole pelannut tätä visaa